000 00178nam a22000857a 4500
020 _a9770974640007
082 _a050
245 _aPRATIYOGITA DARPAN - ENGLISH - DEC 2020
942 _cBK
999 _c5229
_d5229